000
00300nam a2200121Ia 4500
005
20260326100044.0
008
260326s9999||||xx |||||||||||||| ||und||
100
_a
Bode, Paul
245
0
_a
Kinos :
_b
Filmtheater und filmvorfuhraume /
_c
Paul Bode
260
_b
Callwey
650
_a
TEATROS
942
_c
BK
999
_c
7128
_d
7128